000
00296nam a22001337a 4500
008
180905b xxu||||| |||| 00| 0 eng d
020
_a
9780321663016
041
_a
eng
080
_2
4 ED
_a
541
100
_a
12
101
_a
KIM
245
_a
Introductory Chemistry
_c
Silve.r
942
_2
udc
_c
BK
999
_c
47543
_d
47543